Management Information System (Record no. 29360)

MARC details
000 -LEADER
fixed length control field 00401nam a22001697a 4500
003 - CONTROL NUMBER IDENTIFIER
control field OSt
005 - DATE AND TIME OF LATEST TRANSACTION
control field 20220207105555.0
008 - FIXED-LENGTH DATA ELEMENTS--GENERAL INFORMATION
fixed length control field 220207b |||||||| |||| 00| 0 eng d
020 ## - INTERNATIONAL STANDARD BOOK NUMBER
International Standard Book Number 0070458282
040 ## - CATALOGING SOURCE
Transcribing agency HU
082 ## - DEWEY DECIMAL CLASSIFICATION NUMBER
Classification number 658.4038
100 ## - MAIN ENTRY--PERSONAL NAME
Personal name DAVIS.GORDON Bitte
9 (RLIN) 29791
245 ## - TITLE STATEMENT
Title Management Information System
260 ## - PUBLICATION, DISTRIBUTION, ETC.
Place of publication, distribution, etc. america
Name of publisher, distributor, etc. newyork
Date of publication, distribution, etc. 1985
300 ## - PHYSICAL DESCRIPTION
Extent 693
942 ## - ADDED ENTRY ELEMENTS (KOHA)
Source of classification or shelving scheme Dewey Decimal Classification
Koha item type Books like text book referance book
Suppress in OPAC No
Holdings
Withdrawn status Lost status Source of classification or shelving scheme Damaged status Not for loan Home library Current library Shelving location Date acquired Total Checkouts Full call number Barcode Date last seen Copy number Price effective from Koha item type
    Dewey Decimal Classification     College of Business and Economics Library College of Business and Economics Library General Stacks 02/07/2022   658.4038/DAV MBELIB00005676 02/07/2022 1 02/07/2022 Books like text book referance book